000 00347 a2200145 4500
001 80948
082 _a658.5756 ULR
090 _c39709
_d39709
100 _aUlrich Karl T
245 _aProduct Design and Development, 2/e
250 _a2
260 _aUSA
_bMegran H Hill
_c2000
300 _axxvi, 358 p.
500 _aBE textbook IE dept
942 _aNUST-CAE
_k658.5756 ULR
999 _c316021
_d316021